Lady Gaga - The Fame - Statistics

General Stats
  • This quiz has been taken 50 times
  • The average score is 11 of 24
Answer Stats
2008 The Fame % Correct
4 Poker Face
82%
3 Paparazzi
76%
2 LoveGame
71%
1 Just Dance (feat. Colby O'Donis)
62%
9 The Fame
59%
17 Bad Romance
53%
11 Boys Boys Boys
53%
13 Brown Eyes
53%
18 Alejandro
50%
8 Beautiful, Dirty, Rich
50%
19 Monster
47%
6 Eh, Eh (Nothing Else I Can Say)
41%
14 Summerboy
41%
24 Teeth
41%
5 i LIKE IT ROUGH
38%
10 Money Honey
38%
15 Disco Heaven
35%
7 Starstruck (feat. Space Cowboy & Flo Rida)
35%
21 dANCE IN THE DARK
32%
20 Speechless
32%
22 Telephone (feat. Beyoncé)
32%
12 Paper Gangsta
29%
23 So Happy I Could Die
24%
16 Again Again
12%
No matching quizzes found
Score Distribution
Percent of People with Each Score
Percentile by Number Answered
Your Score History
You have not taken this quiz